000 00829nam a2200289Ia 4500
005 20260324142749.0
008 008 260324s9999 xx 000 0 eng d
020 _a9781003575801
037 _aEBOOK
040 _aCRL
040 _beng
040 _cCRL
041 _2eng
041 _aeng
084 _qCRL
100 _aA. Bell; William E. Lee
_91213153
245 0 _aElectroceramics - Production, properties and microstructures
245 0 _bProceedings of the Symposium Held as Part of the Condensed Matter and Materials Physics Conference, 20-22 December 1993, University of Leeds
260 _bTaylor and Francis
260 _c1994
365 _a
365 _b260
856 _uhttp://www.taylorfrancis.com/books/9781003575801
942 _cEBOOK
999 _c1817722
_d1817722